000
00503nam a2200133Ia 4500
008
100328s9999 xx 000 0 und d
082
_b
59314
100
_a
देशपांडे चं.प्र.
245
_a
स्टालीन (संमिश्र एकांकिका).
260
_b
आभा.
630
_a
स्टालीन (संमिश्र एकांकिका).
730
_a
स्टालीन (संमिश्र एकांकिका).
942
_c
BOOK
999
_c
545554
_d
545551